00428nam a22001457a 4500003000400000020001800004082001800022100002000040245004100060260003200101300000700133942001200140952011300152999001700265SGT a9786207650729 a617.601bA24K aKhurana, Charu  aAdjunctive chair-side diagnostic aid bLambert Academic Pub.c2024 a90 2ddccBK 00102ddc4071aFDbFDcREFd2024-09-30iSGTUl0o617.601 A24KpFD9568r2024-09-30 00:00:00w2024-09-30yBK c27042d27042